[Event "?"]
[Site "BAWAG GM-Turnier (1)"]
[Date "1996.??.??"]
[Round "?"]
[White "Kindermann, St"]
[Black "Roth, P."]
[Result "1-0"]
[WhiteElo "2575"]
[BlackElo "2315"]
[PlyCount "77"]

1. e4 e6 2. d4 d5 3. Nc3 Nf6 4. Bg5 dxe4 5. Nxe4 Be7 6. Bxf6 Bxf6 7. Nf3 Nd7 8.
Bc4 O-O 9. Qe2 a6 10. O-O-O b5 11. Bb3 Bb7 12. d5 e5 13. Rhe1 Be7 14. d6 cxd6
15. Nxd6 Bxd6 16. Rxd6 Bxf3 17. Qxf3 Ra7 18. Qe3 Rc7 19. Rxa6 Nc5 20. Rd1 Qh4
21. Rad6 Nxb3+ 22. axb3 Ra8 23. c3 h6 24. g3 Ra1+ 25. Kc2 Rxd1 26. Rxd1 Qxh2
27. Rd8+ Kh7 28. Qf3 Qh3 29. Qe4+ f5 30. Qxe5 Rf7 31. Qxb5 Qg4 32. Qe8 Rf6 33.
Qe3 h5 34. Rd4 Qg6 35. b4 f4+ 36. Qd3 fxg3 37. fxg3 Rf2+ 38. Kb3 Rf3 39. Qxf3
1-0

[Event "?"]
[Site "BAWAG GM-Turnier (1)"]
[Date "1996.??.??"]
[Round "?"]
[White "Stanec, N."]
[Black "Fauland, A."]
[Result "1-0"]
[WhiteElo "2490"]
[BlackElo "2430"]
[PlyCount "71"]

1. d4 Nf6 2. c4 e6 3. Nc3 Bb4 4. Qc2 d6 5. e3 c5 6. Bd3 Nc6 7. Nge2 e5 8. d5
Bxc3+ 9. Qxc3 Ne7 10. e4 O-O 11. O-O Ng6 12. b4 b6 13. bxc5 bxc5 14. f3 Nh5 15.
Rf2 Rb8 16. Rb1 Rxb1 17. Bxb1 Qb6 18. Bd3 Bd7 19. Ng3 Nxg3 20. hxg3 f5 21. Rb2
Qa6 22. Qb3 fxe4 23. Bxe4 Bf5 24. Bxf5 Rxf5 25. Qb5 Qxb5 26. Rxb5 Rf7 27. a4
Rd7 28. a5 Kf7 29. Rb8 h6 30. a6 Ne7 31. Bd2 Ng8 32. Ba5 Nf6 33. Rb7 Ke7 34.
Bb6 Ne8 35. Bxa7 Nc7 36. Rxc7 1-0

[Event "?"]
[Site "BAWAG GM-Turnier (1)"]
[Date "1996.??.??"]
[Round "?"]
[White "Arakhamia_Grant, K."]
[Black "Chernin, A."]
[Result "1/2-1/2"]
[WhiteElo "2480"]
[BlackElo "2595"]
[PlyCount "35"]

1. e4 d6 2. d4 Nf6 3. Nc3 g6 4. Be3 c6 5. Qd2 b5 6. Bd3 Bg7 7. Bh6 Bxh6 8. Qxh6
e5 9. dxe5 dxe5 10. Nf3 Nbd7 11. O-O a6 12. a4 Rb8 13. axb5 axb5 14. h3 Ng8 15.
Qd2 Ngf6 16. Qh6 Ng8 17. Qd2 Ngf6 18. Qh6 1/2-1/2

[Event "?"]
[Site "BAWAG GM-Turnier (2)"]
[Date "1996.??.??"]
[Round "?"]
[White "Hoelzl, F."]
[Black "Kindermann, S."]
[Result "1/2-1/2"]
[WhiteElo "2430"]
[BlackElo "2575"]
[PlyCount "32"]

1. d4 Nf6 2. Nf3 g6 3. c4 Bg7 4. Nc3 O-O 5. e4 d6 6. Be2 e5 7. Be3 Ng4 8. Bg5
f6 9. Bc1 Nc6 10. d5 Ne7 11. h3 Nh6 12. g4 Nf7 13. Rg1 c6 14. Be3 f5 15. Qb3 f4
16. Bd2 c5 1/2-1/2

[Event "?"]
[Site "BAWAG GM-Turnier (2)"]
[Date "1996.??.??"]
[Round "?"]
[White "Roth, P."]
[Black "Stanec, N."]
[Result "1/2-1/2"]
[WhiteElo "2315"]
[BlackElo "2490"]
[PlyCount "143"]

1. e4 c5 2. Nf3 Nc6 3. d4 cxd4 4. Nxd4 g6 5. Nc3 Bg7 6. Be3 Nf6 7. Bc4 O-O 8.
Bb3 a5 9. a3 Ng4 10. Nxc6 Nxe3 11. Nxd8 Nxd1 12. Rxd1 Bxc3+ 13. bxc3 Rxd8 14.
h4 d6 15. h5 Bd7 16. Rd3 Bc6 17. hxg6 hxg6 18. Bd5 e6 19. Bxc6 bxc6 20. c4 Rab8
21. Kd2 Kg7 22. Kc3 Kf6 23. Rhd1 Ke5 24. g3 g5 25. f3 c5 26. Rf1 Kf6 27. f4
gxf4 28. gxf4 Ke7 29. Rfd1 Rd7 30. e5 Rbd8 31. Rb1 dxe5 32. fxe5 Rc7 33. Rxd8
Kxd8 34. Rb5 a4 35. Ra5 Ke7 36. Rxa4 f6 37. exf6+ Kxf6 38. Ra8 Ke7 39. a4 Kd7
40. a5 Rb7 41. Kd3 Kc7 42. Ra6 e5 43. Re6 Rb4 44. Rxe5 Kc6 45. Re6+ Kc7 46.
Re7+ Kc6 47. Rh7 Ra4 48. a6 Kb6 49. a7 Ra1 50. Rf7 Ra4 51. Ke3 Ra1 52. Ke4 Re1+
53. Kd5 Rd1+ 54. Ke6 Rd8 55. Rd7 Rh8 56. Re7 Rd8 57. Kf7 Rh8 58. c3 Rc8 59. Ke6
Rd8 60. Ke5 Rh8 61. Re6+ Kxa7 62. Kd5 Rh3 63. Kxc5 Rxc3 64. Kb5 Kb7 65. Re7+
Kc8 66. c5 Kb8 67. Kc6 Rc1 68. Re8+ Ka7 69. Kd6 Kb7 70. Re7+ Kc8 71. Re8+ Kb7
72. Re7+ 1/2-1/2

[Event "?"]
[Site "BAWAG GM-Turnier (2)"]
[Date "1996.??.??"]
[Round "?"]
[White "Fauland, A."]
[Black "Arakhamia_Grant, K."]
[Result "1/2-1/2"]
[WhiteElo "2430"]
[BlackElo "2480"]
[PlyCount "80"]

1. c4 g6 2. d4 Nf6 3. Nc3 Bg7 4. e4 O-O 5. f3 d6 6. Bg5 h6 7. Be3 c5 8. d5 e6
9. Qd2 exd5 10. cxd5 Nh7 11. Nge2 Nd7 12. Nc1 a6 13. a4 b6 14. Be2 Rb8 15. O-O
h5 16. Kh1 Re8 17. Ra3 h4 18. N1a2 Ndf6 19. Bf2 Nh5 20. f4 h3 21. gxh3 N7f6 22.
f5 Nxe4 23. Nxe4 Rxe4 24. fxg6 fxg6 25. Bxh5 gxh5 26. Rg3 Qf6 27. Nc3 Re7 28.
Qd1 h4 29. Bxc5 hxg3 30. Rxf6 bxc5 31. Rg6 Rxb2 32. Rxg3 Bf5 33. Qf3 Bxh3 34.
Ne4 Rf7 35. Rxg7+ Kxg7 36. Qc3+ Kf8 37. Qxh3 Rb1+ 38. Kg2 Rb2+ 39. Kg1 Rb1+ 40.
Kg2 Rb2+ 1/2-1/2

[Event "?"]
[Site "BAWAG GM-Turnier (3)"]
[Date "1996.??.??"]
[Round "?"]
[White "Kindermann, St"]
[Black "Rechlis, G."]
[Result "1/2-1/2"]
[WhiteElo "2575"]
[BlackElo "2510"]
[PlyCount "155"]

1. e4 c5 2. Nf3 d6 3. d4 cxd4 4. Nxd4 Nf6 5. Nc3 Nc6 6. Bg5 e6 7. Qd2 a6 8.
O-O-O h6 9. Be3 Bd7 10. f4 b5 11. Bd3 Qc7 12. Kb1 Na5 13. Qe1 b4 14. Nce2 Nc4
15. Bc1 a5 16. Bxc4 Qxc4 17. e5 dxe5 18. fxe5 Nd5 19. Rf1 Be7 20. Qg3 g5 21.
Qf3 Rf8 22. Qh5 Qc7 23. Rxf7 Rxf7 24. Rf1 Bf6 25. exf6 e5 26. Qxh6 O-O-O 27.
Qxg5 Rdf8 28. Nf3 Rxf6 29. Ng3 a4 30. Re1 b3 31. Qd2 bxa2+ 32. Ka1 Nb6 33. Nxe5
Rf2 34. Re2 R2f6 35. Nxd7 Nxd7 36. Ne4 Re6 37. Qd5 Rc6 38. Kxa2 Nb6 39. Qd3 Rd8
40. Qh3+ Kb8 41. Qg3 Qxg3 42. Nxg3 Rd1 43. Bf4+ Kb7 44. c3 Nc4 45. Nf5 Rb6 46.
Nd4 Kc8 47. h4 Rh1 48. g3 Kd7 49. Nf3 Rb5 50. Ne5+ Nxe5 51. Bxe5 Kc6 52. Bf4
Rb7 53. Re6+ Kd5 54. Rd6+ Kc5 55. Rd4 Rh2 56. Bd6+ Kc6 57. Ba3 Ra7 58. Rg4 Ra8
59. Rg5 Re8 60. Rg4 Ra8 61. c4 Rd8 62. Rg6+ Kb7 63. Rg4 Kc6 64. Bb4 Rd3 65.
Rg6+ Kb7 66. Rg5 Rb3 67. Ba3 Rh3 68. Bd6 Rh2 69. Ba3 Rh3 70. Ra5 Rbxg3 71. Be7
a3 72. Rxa3 Rxa3+ 73. Bxa3 Rxh4 74. Kb3 Kc6 75. Kb4 Rh2 76. b3 Rc2 77. Ka4 Rc3
78. Bb2 1/2-1/2

[Event "?"]
[Site "BAWAG GM-Turnier (3)"]
[Date "1996.??.??"]
[Round "?"]
[White "Stanec, N."]
[Black "Hoelzl, F."]
[Result "1-0"]
[WhiteElo "2490"]
[BlackElo "2430"]
[PlyCount "65"]

1. e4 c5 2. Nc3 Nc6 3. g3 g6 4. Bg2 Bg7 5. d3 e6 6. f4 Nge7 7. Nf3 O-O 8. O-O
b6 9. e5 d6 10. Ne4 d5 11. Nf6+ Bxf6 12. exf6 Nf5 13. g4 Nd6 14. Ne5 Bb7 15. c3
Rc8 16. Qe1 Ne8 17. g5 d4 18. c4 Nxe5 19. fxe5 Bxg2 20. Kxg2 b5 21. b3 Qc7 22.
Qe4 bxc4 23. bxc4 Rb8 24. Rf2 Qa5 25. Bd2 Qa4 26. h4 h5 27. gxh6 Kh8 28. h7 Rb2
29. Bh6 Nxf6 30. exf6 Rxf2+ 31. Kxf2 Rb8 32. Qf4 Rb2+ 33. Kg1 1-0

[Event "?"]
[Site "BAWAG GM-Turnier (3)"]
[Date "1996.??.??"]
[Round "?"]
[White "Arakhamia_Grant, K."]
[Black "Roth, P."]
[Result "1-0"]
[WhiteElo "2480"]
[BlackElo "2315"]
[PlyCount "71"]

1. e4 e6 2. d4 d5 3. Nc3 Nf6 4. e5 Ne4 5. Nxe4 dxe4 6. Be3 c5 7. dxc5 Nd7 8.
Qg4 Nxc5 9. Ne2 Qa5+ 10. Nc3 Bd7 11. O-O-O Rc8 12. Bd4 h5 13. Qf4 Be7 14. Kb1
Bc6 15. h4 b5 16. Bxc5 Bxc5 17. Nxe4 Bd5 18. Nc3 Bc6 19. Bd3 b4 20. Ne4 Bd5 21.
b3 Bxe4 22. Qxe4 g6 23. g4 Be7 24. Be2 hxg4 25. Bxg4 Qb6 26. h5 g5 27. h6 Qc6
28. Qe2 Rd8 29. Bf3 Qc5 30. Qe4 a5 31. Bh5 Rxh6 32. Rxd8+ Kxd8 33. Rd1+ Kc7 34.
Bf3 Qb6 35. Qd3 Kb8 36. Qd7 1-0

[Event "?"]
[Site "BAWAG GM-Turnier (3)"]
[Date "1996.??.??"]
[Round "?"]
[White "Chernin, A."]
[Black "Fauland, A."]
[Result "1-0"]
[WhiteElo "2595"]
[BlackElo "2430"]
[PlyCount "61"]

1. c4 Nf6 2. Nc3 g6 3. d4 Bg7 4. e4 O-O 5. h3 d6 6. Bg5 Nbd7 7. Nf3 c6 8. Bd3
a6 9. O-O b5 10. e5 dxe5 11. dxe5 Nc5 12. Bc2 Nfd7 13. Qe2 Nb6 14. Be3 Ne6 15.
cxb5 axb5 16. Rfd1 Qc7 17. Bb3 Nd7 18. Rac1 Qb8 19. Bxe6 fxe6 20. Nd4 Nxe5 21.
b3 Ra6 22. Ne4 Qa8 23. Rc2 b4 24. Nc5 Ra5 25. Ndxe6 Rxc5 26. Nxc5 Bf5 27. Rcd2
Nf7 28. Bd4 e5 29. Be3 Qc8 30. Qc4 Kh8 31. Nd7 1-0

[Event "?"]
[Site "BAWAG GM-Turnier (4)"]
[Date "1996.??.??"]
[Round "?"]
[White "Rechlis, G."]
[Black "Stanec, N."]
[Result "1/2-1/2"]
[WhiteElo "2510"]
[BlackElo "2490"]
[PlyCount "63"]

1. c4 e5 2. Nc3 Nc6 3. g3 g6 4. Bg2 Bg7 5. e3 d6 6. Nge2 f5 7. d3 Nf6 8. Rb1 a5
9. a3 O-O 10. O-O Ne7 11. b4 axb4 12. axb4 Kh8 13. b5 h6 14. e4 fxe4 15. dxe4
Nd7 16. Be3 b6 17. Qd2 Kh7 18. f4 Ra3 19. Ra1 Rxa1 20. Rxa1 Bb7 21. Ra7 Qb8 22.
Ra3 Qe8 23. Qc2 Nc5 24. f5 Qf7 25. fxg6+ Qxg6 26. Ra7 Nc8 27. Ra2 Ne7 28. Nd5
Nxd5 29. cxd5 Bc8 30. Ra7 Rf7 31. Nc3 h5 32. Bf2 1/2-1/2

[Event "?"]
[Site "BAWAG GM-Turnier (4)"]
[Date "1996.??.??"]
[Round "?"]
[White "Stefanova, A."]
[Black "Kindermann, St"]
[Result "0-1"]
[WhiteElo "2370"]
[BlackElo "2575"]
[PlyCount "122"]

1. e4 e6 2. d4 d5 3. exd5 exd5 4. Bf4 Bd6 5. Bxd6 Qxd6 6. Bd3 Nf6 7. c3 O-O 8.
Ne2 b6 9. O-O c5 10. Nd2 Bg4 11. f3 Bd7 12. Qe1 Re8 13. Qf2 Nc6 14. Rae1 Re7
15. Qg3 Qxg3 16. hxg3 Rae8 17. Kf2 h5 18. Bc2 c4 19. Nf4 g5 20. Rxe7 Nxe7 21.
Nh3 Bxh3 22. gxh3 Nc8 23. b4 cxb3 24. axb3 Nd6 25. Bd3 Rc8 26. c4 a5 27. Re1 a4
28. c5 bxc5 29. dxc5 Rxc5 30. bxa4 Rc3 31. Bb1 Ra3 32. Re5 g4 33. Rg5+ Kf8 34.
fxg4 hxg4 35. hxg4 Rxa4 36. Kf3 Nb5 37. Re5 Nd4+ 38. Kg2 Rb4 39. Kh3 Rb2 40. g5
Ne8 41. g6 Nc7 42. gxf7 Rxd2 43. Bg6 Nde6 44. Kg4 Kg7 45. Bh5 Rd3 46. Rf5 Kf8
47. Bg6 Re3 48. Rf1 d4 49. Rb1 Kg7 50. Bh5 Nd5 51. Kf5 Ne7+ 52. Kg4 Re4+ 53.
Kf3 Ng5+ 54. Kf2 Nxf7 55. Rb7 Ng5 56. Rd7 Kf6 57. Bf3 Ke6 58. Rd8 Nxf3 59. Kxf3
Re3+ 60. Kf2 Nd5 61. Re8+ Kf5 0-1

[Event "?"]
[Site "BAWAG GM-Turnier (4)"]
[Date "1996.??.??"]
[Round "?"]
[White "Hoelzl, F."]
[Black "Arakhamia Grant, K."]
[Result "1-0"]
[WhiteElo "2430"]
[BlackElo "2480"]
[PlyCount "131"]

1. d4 Nf6 2. c4 g6 3. Nc3 Bg7 4. e4 d6 5. Be2 O-O 6. Nf3 e5 7. Be3 Ng4 8. Bg5
f6 9. Bc1 Kh8 10. O-O Nc6 11. d5 Ne7 12. Ne1 h5 13. Nd3 f5 14. exf5 Bxf5 15. f3
Nf6 16. Nf2 c6 17. Nfe4 Bxe4 18. fxe4 cxd5 19. cxd5 Qb6+ 20. Kh1 Neg8 21. h3
Rac8 22. Bd3 Bh6 23. Qb3 Qxb3 24. axb3 Bxc1 25. Raxc1 a6 26. b4 Nd7 27. Kg1 h4
28. Nd1 Ngf6 29. Rc3 Rxc3 30. bxc3 Nh5 31. c4 Kg7 32. Nf2 Ng3 33. Rc1 b6 34.
Ra1 Ra8 35. Nh1 Nxh1 36. Kxh1 a5 37. Kg1 Rb8 38. c5 dxc5 39. bxa5 b5 40. Rb1 c4
41. Be2 c3 42. a6 b4 43. Bd1 Kf6 44. Bc2 Nc5 45. a7 Ra8 46. Rxb4 Rxa7 47. Rc4
Ra1+ 48. Kh2 Nb7 49. Rxc3 Nd6 50. Rc6 Ke7 51. Rc7+ Kf6 52. Rd7 Nb5 53. Rb7 Nd4
54. Rb6+ Kg5 55. Bb1 Kf4 56. d6 Ra7 57. Bd3 Ke3 58. Ba6 Rf7 59. Bc8 Kxe4 60. d7
Rf8 61. Rxg6 Ke3 62. Rg4 Ne2 63. Rxh4 Kf2 64. Rh7 Rg8 65. Rf7+ Nf4 66. Bb7 1-0

[Event "?"]
[Site "BAWAG GM-Turnier (4)"]
[Date "1996.??.??"]
[Round "?"]
[White "Roth, P."]
[Black "Chernin, A."]
[Result "0-1"]
[WhiteElo "2315"]
[BlackElo "2595"]
[PlyCount "60"]

1. e4 c5 2. Nf3 e6 3. d4 cxd4 4. Nxd4 a6 5. Bd3 Bc5 6. Nb3 Be7 7. Nc3 d6 8. f4
Qc7 9. O-O Nf6 10. Qf3 Nbd7 11. Kh1 b6 12. Bd2 Bb7 13. Rae1 g6 14. Qg3 h6 15.
Re2 O-O-O 16. a4 Kb8 17. Na2 Nc5 18. Nxc5 dxc5 19. e5 Nh5 20. Qe1 Ng7 21. Be4
Nf5 22. Bxb7 Qxb7 23. Be3 g5 24. Nc3 g4 25. Rd2 Rxd2 26. Qxd2 h5 27. Bf2 h4 28.
Qe2 g3 29. Bg1 h3 30. Qe4 Nh4 0-1

[Event "?"]
[Site "BAWAG GM-Turnier (5)"]
[Date "1996.??.??"]
[Round "?"]
[White "Arakhamia, K."]
[Black "Rechlis, G."]
[Result "0-1"]
[WhiteElo "2480"]
[BlackElo "2510"]
[PlyCount "120"]

1. e4 c5 2. Nf3 d6 3. d4 cxd4 4. Nxd4 Nf6 5. Nc3 Nc6 6. Bg5 e6 7. Qd2 a6 8.
O-O-O h6 9. Be3 Nxd4 10. Bxd4 b5 11. f3 Qa5 12. Kb1 b4 13. Ne2 e5 14. Bf2 Be6
15. Nc1 d5 16. Nb3 Qc7 17. Bh4 dxe4 18. Bxf6 gxf6 19. fxe4 Be7 20. Bd3 Kf8 21.
Qe2 a5 22. Nd2 Rc8 23. b3 Qc3 24. Bc4 Rg8 25. Qf3 a4 26. Rhg1 Rc7 27. Qxc3 bxc3
28. Bxe6 fxe6 29. Nc4 Rg4 30. Rde1 Rd7 31. h3 Rg3 32. Nb6 Rd2 33. Nxa4 Kf7 34.
Rd1 Re2 35. Rge1 Rexg2 36. h4 Rh2 37. Rd7 Rxh4 38. a3 Ke8 39. Ra7 Bxa3 40. Rd1
Bb4 41. Ra8+ Ke7 42. Nb6 f5 43. exf5 Rd4 44. Rh1 exf5 45. Ra7+ Kf6 46. Nd7+
Rxd7 47. Rxd7 f4 48. Rxh6+ Kf5 49. Rb6 Bc5 50. Rb5 Bg1 51. Rdd5 Re3 52. Rd1 f3
53. Rb8 f2 54. Rf8+ Ke4 55. b4 Re1 56. Rc1 Ke3 57. b5 Rxc1+ 58. Kxc1 Ke2 59. b6
f1=Q+ 60. Rxf1 Kxf1 0-1

[Event "?"]
[Site "BAWAG GM-Turnier (5)"]
[Date "1996.??.??"]
[Round "?"]
[White "Chernin, A."]
[Black "Hoelzl, F."]
[Result "1-0"]
[WhiteElo "2595"]
[BlackElo "2430"]
[PlyCount "41"]

1. c4 e6 2. Nc3 Nf6 3. e4 c5 4. Nf3 Nc6 5. e5 Ng8 6. d4 cxd4 7. Nxd4 Nxe5 8.
Ndb5 a6 9. Nd6+ Bxd6 10. Qxd6 f6 11. Be3 Ne7 12. Bb6 Nf5 13. Qb4 Qe7 14. Qxe7+
Kxe7 15. f4 Nf7 16. Bd3 N5h6 17. O-O f5 18. Rae1 Kf8 19. c5 Ng4 20. Bxf5 exf5
21. Nd5 1-0

[Event "?"]
[Site "BAWAG GM-Turnier (5)"]
[Date "1996.??.??"]
[Round "?"]
[White "Fauland, A."]
[Black "Roth, P."]
[Result "1-0"]
[WhiteElo "2430"]
[BlackElo "2315"]
[PlyCount "119"]

1. Nf3 d6 2. d4 Bg4 3. Nbd2 Nd7 4. h3 Bxf3 5. Nxf3 e5 6. e4 Ngf6 7. Bc4 Be7 8.
O-O O-O 9. Re1 c6 10. c3 Qc7 11. Bb3 Rae8 12. Bg5 Bd8 13. Bc2 h6 14. Bd2 Nh7
15. Bb3 Kh8 16. Qe2 Ndf6 17. dxe5 dxe5 18. Rad1 Nd7 19. Be3 b6 20. a4 Nc5 21.
Bc2 Ne6 22. Qc4 Bf6 23. b4 Rd8 24. Bb3 Rxd1 25. Rxd1 Rd8 26. Rxd8+ Bxd8 27. b5
c5 28. Qd5 Bf6 29. Qa8+ Nd8 30. Bd5 Nf8 31. Nd2 Kh7 32. Nc4 Nfe6 33. g3 g5 34.
Bc1 Nf8 35. Ne3 Ng6 36. Bc4 Ne7 37. Kg2 Kg7 38. Bd5 Kh7 39. Kf1 Kg7 40. Ke2 Kh7
41. Kd3 Qd7 42. Qb8 Bg7 43. Kc4 Ne6 44. Ba3 Kg6 45. Qb7 Qxb7 46. Bxb7 Nc7 47.
a5 Ne8 48. Nf5 Nxf5 49. exf5+ Kxf5 50. Kd5 Bf8 51. a6 Nd6 52. c4 Ne8 53. Bc8+
Kg6 54. Bd7 Nf6+ 55. Kc6 Nxd7 56. Kxd7 f5 57. Kc6 f4 58. gxf4 gxf4 59. Kb7 e4
60. Bc1 1-0

[Event "?"]
[Site "BAWAG GM-Turnier (6)"]
[Date "1996.??.??"]
[Round "?"]
[White "Rechlis, G."]
[Black "Chernin, A."]
[Result "1-0"]
[WhiteElo "2510"]
[BlackElo "2595"]
[PlyCount "65"]

1. c4 e5 2. Nc3 Nf6 3. Nf3 Nc6 4. a3 g6 5. g3 Bg7 6. Bg2 O-O 7. O-O d6 8. d3 h6
9. Rb1 Nd4 10. Nd2 c6 11. b4 a6 12. a4 Be6 13. e3 Nf5 14. Nb3 Nd7 15. b5 axb5
16. axb5 Ne7 17. Bd2 f5 18. Qe2 d5 19. bxc6 bxc6 20. cxd5 cxd5 21. Rfc1 e4 22.
Nb5 Bf7 23. d4 Ra2 24. Qe1 Qb6 25. Bf1 Qf6 26. Rc7 Nb8 27. Na5 Na6 28. Rd7 Ra8
29. Na7 Nb8 30. Rc7 Be8 31. Rbb7 Bf8 32. Bb4 Rxa5 33. Bxe7 1-0

[Event "?"]
[Site "BAWAG GM-Turnier (6)"]
[Date "1996.??.??"]
[Round "?"]
[White "Stefanova, A."]
[Black "Arakhamia_Grant, K."]
[Result "0-1"]
[WhiteElo "2370"]
[BlackElo "2480"]
[PlyCount "90"]

1. d4 Nf6 2. Nf3 g6 3. Bg5 Bg7 4. Nbd2 O-O 5. c3 d5 6. e3 Nbd7 7. Be2 h6 8. Bh4
Re8 9. Ne5 Nxe5 10. dxe5 Nh7 11. f4 c6 12. Qc2 Bf5 13. Bd3 Qb6 14. O-O-O Qxe3
15. Bxf5 Qxf4 16. Bd7 Qxh4 17. Bxe8 Rxe8 18. e6 f5 19. Rde1 Qf6 20. Qa4 Ng5 21.
Qxa7 Nxe6 22. Nf3 Nf4 23. Qxb7 Nxg2 24. Qd7 Qf7 25. Ne5 Bxe5 26. Rxe5 f4 27.
Rf1 g5 28. Qxc6 e6 29. c4 Re7 30. Qa8+ Kg7 31. cxd5 Rc7+ 32. Kb1 Qg6+ 33. Ka1
Qd3 34. Rb1 Ne3 35. Rxe3 Qxe3 36. Qd8 Rf7 37. dxe6 Qxe6 38. Qd4+ Kg6 39. Qd3+
Kh5 40. a3 f3 41. Rf1 Qe2 42. Qb1 f2 43. Qc1 Re7 44. Ka2 Qe6+ 45. Kb1 Qe1 0-1

[Event "?"]
[Site "BAWAG GM-Turnier (6)"]
[Date "1996.??.??"]
[Round "?"]
[White "Kindermann, St"]
[Black "Stanec, N."]
[Result "1-0"]
[WhiteElo "2575"]
[BlackElo "2490"]
[PlyCount "107"]

1. e4 c6 2. d4 d5 3. exd5 cxd5 4. c4 Nf6 5. Nc3 e6 6. Nf3 Bb4 7. Bd3 dxc4 8.
Bxc4 O-O 9. O-O Nbd7 10. Bg5 Bxc3 11. bxc3 Qc7 12. Qe2 b6 13. Ne5 Bb7 14. Nxd7
Nxd7 15. Rac1 e5 16. Bb3 Rae8 17. Qg4 Kh8 18. Qg3 f6 19. Bd2 Qc6 20. Rfe1 f5
21. f3 f4 22. Qf2 Qg6 23. Bc2 e4 24. fxe4 Bxe4 25. Rxe4 Rxe4 26. Qf3 Nf6 27.
Bxf4 Qf5 28. Bd6 Qg5 29. Rf1 Re3 30. Qf2 Ree8 31. Bxf8 Rxf8 32. Qe2 Qd5 33. Qd3
Qh5 34. h3 Re8 35. c4 Qh6 36. d5 Qe3+ 37. Qxe3 Rxe3 38. Rd1 Re8 39. Kf2 Kg8 40.
Bf5 Kf7 41. Be6+ Ke7 42. Ke3 Kd6 43. Kd4 Nd7 44. Bxd7 Kxd7 45. Rf1 Re7 46. a4
Kd6 47. Rf2 h6 48. a5 Rd7 49. Rb2 Kc7 50. c5 bxc5+ 51. Kxc5 Rf7 52. d6+ Kc8 53.
Kc6 g5 54. g4 1-0

[Event "?"]
[Site "BAWAG GM-Turnier (6)"]
[Date "1996.??.??"]
[Round "?"]
[White "Hoelzl, F."]
[Black "Fauland, A."]
[Result "0-1"]
[WhiteElo "2430"]
[BlackElo "2430"]
[PlyCount "114"]

1. Nf3 Nf6 2. c4 g6 3. Nc3 Bg7 4. e4 O-O 5. d4 d6 6. Be2 e5 7. O-O Nc6 8. d5
Ne7 9. b4 Ne8 10. c5 Kh8 11. Qb3 Ng8 12. cxd6 cxd6 13. b5 Bh6 14. b6 axb6 15.
Na4 b5 16. Bxb5 f5 17. exf5 Bxf5 18. Be2 Bg4 19. Nb6 Rb8 20. Nd4 Bxe2 21. Nxe2
Nef6 22. a4 Ne4 23. Ng3 Nc5 24. Qb5 Bxc1 25. Raxc1 Nf6 26. a5 Ng4 27. Rc4 Rf4
28. h3 Nf6 29. Rd1 Qf8 30. Qb2 Re8 31. Nf1 Nh5 32. Ne3 Ng7 33. Rxc5 dxc5 34. d6
Rd4 35. d7 Rd8 36. Rxd4 cxd4 37. Ned5 Qd6 38. Qc2 Ne6 39. Qc8 Qc5 40. Qxb7 d3
41. Ne3 d2 42. Kh2 Kg7 43. a6 Qc7 44. Qxc7 Nxc7 45. a7 Na8 46. Nxa8 Rxa8 47.
Kg3 Kf7 48. Kf3 Ke7 49. Ke2 Rxa7 50. Nc4 Rxd7 51. Nxd2 Ke6 52. Ne4 Ra7 53. g3
Kd5 54. Nc3+ Kc4 55. Ne4 Kd4 56. Ng5 Ra2+ 57. Kf3 h6 0-1

[Event "?"]
[Site "BAWAG GM-Turnier (7)"]
[Date "1996.??.??"]
[Round "?"]
[White "Arakhamia_Grant, K."]
[Black "Kindermann, S."]
[Result "1/2-1/2"]
[WhiteElo "2480"]
[BlackElo "2575"]
[PlyCount "116"]

1. e4 e6 2. d4 d5 3. Nc3 Bb4 4. e5 c5 5. a3 Ba5 6. b4 cxd4 7. Qg4 Ne7 8. bxa5
dxc3 9. Qxg7 Rg8 10. Qxh7 Nbc6 11. f4 Qxa5 12. Nf3 Bd7 13. Rb1 O-O-O 14. Qd3 d4
15. Rb5 Qc7 16. a4 a6 17. Rb1 Qa5 18. Qc4 Qd5 19. Qxa6 Nb4 20. Qe2 Nec6 21. Kf2
Qa2 22. Rxb4 Nxb4 23. Nxd4 Bxa4 24. Qe3 Nxc2 25. Qxc3+ Kb8 26. Bc4 Rxg2+ 27.
Kxg2 Ne3+ 28. Kf3 Nxc4 29. Be3 Rxd4 30. Qxd4 Bc6+ 31. Kg3 Nxe3 32. Qd8+ Ka7 33.
Qd4+ Kb8 34. Qd8+ Ka7 35. Qd4+ b6 36. Ra1 Nf5+ 37. Kg4 Nxd4 38. Rxa2+ Kb7 39.
h4 b5 40. h5 Nf5 41. Kg5 Kb6 42. h6 Nxh6 43. Kxh6 Be4 44. Kg7 Bg6 45. f5 Bxf5
46. Kxf7 b4 47. Ra8 Kc5 48. Rb8 Kc4 49. Ke7 b3 50. Kd6 Kc3 51. Rc8+ Kd2 52. Rb8
Kc2 53. Rc8+ Kb1 54. Rb8 b2 55. Ke7 Kc1 56. Rc8+ Bc2 57. Rb8 Bf5 58. Rc8+ Bc2
1/2-1/2

[Event "?"]
[Site "BAWAG GM-Turnier (7)"]
[Date "1996.??.??"]
[Round "?"]
[White "Roth, P."]
[Black "Hoelzl, F."]
[Result "0-1"]
[WhiteElo "2315"]
[BlackElo "2430"]
[PlyCount "98"]

1. e4 c5 2. b4 cxb4 3. a3 d5 4. exd5 Qxd5 5. Bb2 Nf6 6. Nf3 Bg4 7. Be2 e6 8.
O-O Nc6 9. d4 Qd8 10. h3 Bh5 11. Re1 Rc8 12. c4 bxc3 13. Nxc3 Be7 14. Qa4 O-O
15. Rad1 Qb6 16. Ba1 Rfd8 17. Rb1 Qc7 18. Nb5 Qb8 19. Ne5 Bxe2 20. Rxe2 Nd5 21.
Qb3 a6 22. Nxc6 Rxc6 23. Nc3 Nxc3 24. Bxc3 b5 25. Rbe1 Bf6 26. Re4 Rcd6 27. Rd1
Rd5 28. Ba5 R8d7 29. Qe3 h6 30. Rg4 h5 31. Re4 Qa7 32. Bc3 Qc7 33. Rc1 Qd8 34.
Qf3 g6 35. Ba5 Qxa5 36. Qxf6 Qd8 37. Rxe6 fxe6 38. Qxg6+ Kh8 39. Qh6+ Rh7 40.
Qxe6 Rd6 41. Qe5+ Kg8 42. Rc3 Rg7 43. Qxh5 Rg5 44. Qe2 Rdg6 45. g4 Qxd4 46. Rc7
Rxg4+ 47. hxg4 Rxg4+ 48. Kh2 Qf4+ 49. Kh1 Qh6# 0-1

[Event "?"]
[Site "BAWAG GM-Turnier (8)"]
[Date "1996.??.??"]
[Round "?"]
[White "Rechlis, G."]
[Black "Roth, P."]
[Result "1-0"]
[WhiteElo "2510"]
[BlackElo "2315"]
[PlyCount "51"]

1. d4 Nf6 2. c4 c5 3. d5 e5 4. Nc3 d6 5. e4 Be7 6. Nf3 Nbd7 7. g3 Nf8 8. Nh4 g6
9. Ng2 h5 10. f4 N6d7 11. Qf3 h4 12. Ne3 hxg3 13. hxg3 Rxh1 14. Qxh1 a6 15. Bd2
Bf6 16. O-O-O Qe7 17. Bd3 Kd8 18. Rf1 Kc7 19. Qh6 Nb6 20. Ned1 Bd7 21. f5 Na4
22. Nxa4 Bxa4 23. Nf2 gxf5 24. b3 Ng6 25. bxa4 Nf4 26. Qh7 1-0

[Event "?"]
[Site "BAWAG GM-Turnier (8)"]
[Date "1996.??.??"]
[Round "?"]
[White "Kindermann, S."]
[Black "Chernin, A."]
[Result "0-1"]
[WhiteElo "2575"]
[BlackElo "2595"]
[PlyCount "98"]

1. e4 d6 2. d4 g6 3. Nc3 Bg7 4. Be3 a6 5. Qd2 b5 6. f3 Nd7 7. a4 b4 8. Nd1 Rb8
9. c3 bxc3 10. bxc3 c5 11. a5 d5 12. exd5 cxd4 13. Bxd4 Ngf6 14. Bc4 Qc7 15.
Qe2 O-O 16. Nh3 Bb7 17. Ne3 Nxd5 18. Bxd5 Bxd4 19. cxd4 Qc3+ 20. Kf2 Bxd5 21.
Rhc1 Qxd4 22. Rd1 Qh4+ 23. Kg1 Be6 24. Nf2 Rb5 25. Ne4 Nf6 26. g3 Qh5 27. Nxf6+
exf6 28. Ng4 Bxg4 29. fxg4 Qc5+ 30. Qf2 Qxf2+ 31. Kxf2 Rb2+ 32. Kf3 Rb3+ 33.
Kf2 Rb2+ 34. Kf3 Rb3+ 35. Kf2 Re8 36. Rd6 Rb2+ 37. Kf3 Rb3+ 38. Kf2 Rb2+ 39.
Kf3 Rxh2 40. Rxf6 Rhe2 41. g5 R2e3+ 42. Kg4 R8e4+ 43. Kh3 Re5 44. Kh4 R3e4+ 45.
g4 Re3 46. Rh1 Rxa5 47. Rc6 Raa3 48. Rc8+ Kg7 49. Rc7 Rf3 0-1

[Event "?"]
[Site "BAWAG GM-Turnier (8)"]
[Date "1996.??.??"]
[Round "?"]
[White "Stanec, N."]
[Black "Arakhamia_Grant, K."]
[Result "1-0"]
[WhiteElo "2490"]
[BlackElo "2480"]
[PlyCount "123"]

1. c4 Nf6 2. Nc3 g6 3. e4 d6 4. d4 Bg7 5. Be2 O-O 6. Nf3 e5 7. O-O Nc6 8. d5
Ne7 9. Ne1 Nd7 10. f3 f5 11. Be3 f4 12. Bf2 h5 13. a4 g5 14. a5 Ng6 15. b4 Nf6
16. h3 Rf7 17. c5 Bf8 18. c6 Rg7 19. cxb7 Bxb7 20. b5 Bc8 21. b6 axb6 22. axb6
Rxa1 23. Qxa1 cxb6 24. Qa8 g4 25. Ba6 Ne7 26. Bh4 Rg6 27. Bxf6 Rxf6 28. Bxc8
Nxc8 29. Nb5 Rf7 30. fxg4 hxg4 31. hxg4 Qd7 32. Qc6 Qxg4 33. Nf3 Na7 34. Qxb6
Nxb5 35. Qxb5 Rc7 36. Qb2 Qc8 37. Nh4 Rc2 38. Qb3 Rc3 39. Qd1 Rg3 40. Nf5 Qc5+
41. Kh2 Rg5 42. Qf3 Qa7 43. Qh3 Qf7 44. g4 Qc7 45. Rf2 Qh7 46. Kg2 Qxh3+ 47.
Kxh3 Kf7 48. Ra2 Rg6 49. Ra7+ Kf6 50. Rh7 Rg8 51. Kh4 Kg6 52. Rh5 Kf6 53. g5+
Kg6 54. Kg4 Kf7 55. Rh7+ Kg6 56. Ra7 Rh8 57. Nh4+ Rxh4+ 58. Kxh4 f3 59. Kg3
Kxg5 60. Rf7 Bh6 61. Kxf3 Kg6 62. Rd7 1-0

[Event "?"]
[Site "BAWAG GM-Turnier (9)"]
[Date "1996.??.??"]
[Round "?"]
[White "Hoelzl, F."]
[Black "Rechlis, G."]
[Result "0-1"]
[WhiteElo "2430"]
[BlackElo "2510"]
[PlyCount "72"]

1. d4 Nf6 2. Nf3 g6 3. c4 Bg7 4. Nc3 O-O 5. e4 d6 6. Be2 e5 7. Be3 Ng4 8. Bg5
f6 9. Bc1 Nh6 10. O-O Nf7 11. dxe5 dxe5 12. c5 c6 13. a3 Qe7 14. b4 Be6 15. Qc2
Nd7 16. Bb2 f5 17. Rad1 Nf6 18. exf5 gxf5 19. Rfe1 Rad8 20. Rxd8 Rxd8 21. Nb1
e4 22. Nd4 Bc8 23. Bc4 Ng4 24. Nb3 Qh4 25. h3 Nxf2 26. Qxf2 Qxf2+ 27. Kxf2 Bxb2
28. g4 Kg7 29. Bxf7 Kxf7 30. gxf5 Bxf5 31. Na5 Rd7 32. Nc4 Bd4+ 33. Kg3 Ke6 34.
Kf4 Bg7 35. Kg5 Bf6+ 36. Kf4 Rg7 0-1